PSG - Tournée au Japon - Statistiques

Statistiques générales
  • Ce quiz a été pris 98 fois
  • Le résultat moyen est 19 sur 29
Statistiques - réponses
Maillot Joueur % Correct
10 Neymar
95%
99 Gianluigi Donnarumma
94%
1 Keylor Navas
94%
2 Achraf Hakimi
93%
5 Marquinhos
90%
3 Presnel Kimpembe
85%
6 Marco Verratti
84%
38 Ethan Mbappé
82%
8 Fabian Ruiz
82%
17 Vitinha
79%
28 Carlos Soler
77%
21 Lucas Hernandez
76%
33 Warren Zaire-Emery
74%
19 Kang-in Lee
73%
4 Manuel Ugarte
70%
11 Marco Asensio
70%
37 Milan Skriniar
70%
44 Hugo Ekitike
68%
15 Danilo
65%
30 Alexandre Letellier
62%
32 Layvin Kurzawa
56%
14 Juan Bernat
54%
27 Cher Ndour
46%
35 Ismael Gharbi
45%
39 Ilyes Housni
43%
43 Noah Lemina
38%
18 Renato Sanches
37%
36 Serif Nhaga
20%
50 Louis Mouquet
9%
Aucun quiz correspondant
Distribution des résultats
% des personnes avec chaque résultat
Percentile par nombre de réponses
Votre historique - résultats
Vous n’avez pas pris ce quiz